• 首页
  • 本馆介绍
  • 公告通知
  • 最新文献
  • 馆藏检索
  • 电子资源
  • 读者导购
  • 参考咨询
  • 我的图书馆
  • 登录
  • 详细信息显示
  • 放入我的书架
  • 预约/预借图书
  • 作者相关作品
  • 分类相关作品
  • 丛书相关作品
  • 出版社相关作品

书目信息

  • 表格格式
  • 工作单格式
  • 卡片格式
题名:
金砖国家社会分层
    
 
作者: 李培林 主编
分册:  
出版信息: 北京   社会科学文献出版社  2011.10
页数: 651页
开本: 24cm
丛书名: 现代社会学文库
单 册:
中图分类: D56
科图分类:
主题词: 社会阶层--研究--世界 , 社会阶层
电子资源:
ISBN: 978-7-5097-2753-9
000 01299oam2 2200325 450
001 010020002930
005 20120618151756.95
010    @a978-7-5097-2753-9@dCNY99.00
100    @a20111107d2011 em y0chiy50 ea
101 0  @achi
102    @aCN@b110000
105    @aak z 000yy
106    @ar
200 1  @a金砖国家社会分层@9jin zhuan guo jia she hui fen ceng@e变迁与比较@dSocial stratification in the BRIC countries@echanges and perspectives@f(中)李培林[等]主编@zeng
210    @a北京@c社会科学文献出版社@d2011.10
215    @a651页@c图@d24cm
225 2  @a现代社会学文库
300    @a本书获中国社会科学院出版基金资助
304    @a主编还有:(俄)戈尔什科夫(M. K. Gorshkov),(巴西)斯坎隆(C. Scalon),(印度)沙尔玛(K. L. Sharma)
308    @a丛书第2辑
330    @a本书分为九篇,内容包括:巴西社会分层和转型;俄罗斯社会转型期的社会结构变化;当代印度的社会分层与变革;印度的城市工业工人阶级和乡村农业工人阶级等。
461  0 @12001 @a现代社会学文库
510 1  @aSocial stratification in the BRIC countries@echanges and perspectives@zeng
517 1  @a变迁与比较@9bian qian yu bi jiao
606 0  @a社会阶层@x研究@y世界
606 0  @a社会阶层
690    @aD56@v4
701  0 @c(中)@a李培林@9li pei lin@4主编
801  0 @aCN@bRENTIAN@c20111107
905    @b540199-203@dD56@e185@f5
    
    金砖国家社会分层:变迁与比较=Social stratification in the BRIC countries:changes and perspectives/(中)李培林[等]主编.-北京:社会科学文献出版社,2011.10
    651页:图;24cm.-(现代社会学文库)
    本书获中国社会科学院出版基金资助
    
    ISBN 978-7-5097-2753-9:CNY99.00
    本书分为九篇,内容包括:巴西社会分层和转型;俄罗斯社会转型期的社会结构变化;当代印度的社会分层与变革;印度的城市工业工人阶级和乡村农业工人阶级等。
●
相关链接 在E读中查询图书 在五车中查询图书 在当当中查询图书 在豆瓣中查询图书


正题名:金砖国家社会分层     索取号:D56/185         预约/预借

序号 登录号 条形码 馆藏地/架位号 状态 备注
1 540199   205401992   第一样本阅览室/ [索取号:D56/185] 在馆    
2 540200   205402009   第一借阅区/ [索取号:D56/185] 在馆    
3 540201   205402018   第一借阅区/ [索取号:D56/185] 在馆    
4 540202   205402027   第一借阅区/ [索取号:D56/185] 在馆    
5 540203   205402036   第一借阅区/ [索取号:D56/185] 在馆    
唐山师范学院图书馆 欢迎您!
大连网信软件有限公司© 版权所有